| 000 | 00794cam a22002531 4500 | ||
|---|---|---|---|
| 001 | 0000005577 | ||
| 005 | 20170406120829.0 | ||
| 008 | 720614s1961 xx 000 0 eng | ||
| 010 | _a 61012987 | ||
| 035 | _9(DLC) 61012987 | ||
| 035 | _a(OCoLC)331592 | ||
| 040 |
_aDLC _cONowdM _dTxU-Da _dOCoLC _dDLC |
||
| 050 | 0 | 0 |
_aBX2260 _b.B3 |
| 100 | 1 |
_aBarton, John M. T. _q(John Mackintosh Tilney), _d1898-. |
|
| 245 | 1 | 0 | _aPenance and absolution. |
| 250 | _a[1st ed.] | ||
| 260 |
_aNew York : _bHawthorn Books, _c[1961] |
||
| 300 |
_a159 p. ; _c21 cm. |
||
| 440 | 0 |
_aTwentieth century encyclopedia of Catholicism ; _v51. Section 5: The life of faith |
|
| 504 | _aIncludes bibliography. | ||
| 650 | 0 | _aPenance. | |
| 908 | _a150109 | ||
| 999 |
_c5367 _d5367 |
||